[Event "Mittelfrank Regionalliga Sud-Ost 2122"]
[Site "Mittelfranken"]
[Date "2022.05.15"]
[Round "5.2"]
[White "Trapp, Maximilian"]
[Black "Stoettner, Moritz"]
[Result "1-0"]
[WhiteElo "2165"]
[BlackElo "2056"]
[PlyCount "45"]
[EventDate "2021.10.24"]
[EventType "team-tourn"]
[EventRounds "9"]
[EventCountry "GER"]
[SourceTitle "EXT 2024"]
[Source "ChessBase"]
[SourceDate "2023.10.10"]
[SourceVersion "1"]
[SourceVersionDate "2023.10.10"]
[SourceQuality "1"]
[WhiteTeam "Freising"]
[BlackTeam "Landau Dingolfing"]
[WhiteTeamCountry "GER"]
[BlackTeamCountry "GER"]

1. d4 Nf6 2. Nf3 g6 3. h3 Bg7 4. c3 0-0 5. Bf4 d6 6. e3 Nbd7 7. Be2 b6 8. 0-0 Bb7 9. Nbd2 Re8 10. Qc2 e5 11. dxe5 dxe5 12. Bh2 Qe7 13. Rfd1 Red8 14. a4 a5 15. Nc4 Ne4 16. Nfd2 Ng5 17. h4 Ne6 18. Bf3 Nec5 19. Bxb7 Nxb7 20. Nf3 Qe6 21. b3 f6 22. h5 Kf7 23. Bxe5 1-0

[Event "Regionalliga Sued-Ost 1718"]
[Site "Bayern"]
[Date "2018.02.04"]
[Round "6.2"]
[White "Trapp, Maximilian"]
[Black "Schmidt, Anton"]
[Result "1/2-1/2"]
[WhiteElo "2180"]
[BlackElo "2026"]
[PlyCount "39"]
[EventDate "2017.10.22"]
[EventType "team-tourn"]
[EventRounds "9"]
[EventCountry "GER"]
[SourceTitle "EXT 2022"]
[Source "ChessBase"]
[SourceDate "2021.10.06"]
[SourceVersion "1"]
[SourceVersionDate "2021.10.06"]
[SourceQuality "1"]
[WhiteTeam "Freising SK"]
[BlackTeam "Groebenzell II"]
[WhiteTeamCountry "GER"]
[BlackTeamCountry "GER"]

1. d4 d5 2. Nf3 c5 3. e3 Nf6 4. Be2 Nc6 5. 0-0 Bg4 6. c3 e6 7. b3 Bd6 8. Bb2 0-0 9. Nbd2 Rc8 10. dxc5 Bxc5 11. c4 Qe7 12. Ne5 Nxe5 13. Bxe5 Bxe2 14. Qxe2 Rfd8 15. Rfd1 Bb4 16. Rac1 Bxd2 17. Rxd2 dxc4 18. Rdc2 Rd5 19. Bxf6 Qxf6 20. Rxc4 1/2-1/2

[Event "Landesliga Sued 1617"]
[Site "Bayern"]
[Date "2017.04.02"]
[Round "8.3"]
[White "Billing, Christian"]
[Black "Trapp, Maximilian"]
[Result "0-1"]
[WhiteElo "2150"]
[BlackElo "2155"]
[PlyCount "80"]
[EventDate "2016.10.16"]
[EventType "team-tourn"]
[EventRounds "9"]
[EventCountry "GER"]
[SourceTitle "EXT 2019"]
[Source "ChessBase"]
[SourceDate "2018.10.10"]
[SourceVersion "1"]
[SourceVersionDate "2018.10.10"]
[SourceQuality "1"]
[WhiteTeam "Dillingen"]
[BlackTeam "Freising"]
[WhiteTeamCountry "GER"]
[BlackTeamCountry "GER"]

1. Nf3 d5 2. g3 Nf6 3. Bg2 g6 4. 0-0 Bg7 5. d4 0-0 6. Ne5 c6 7. Nd2 Ng4 8. Nxg4 Bxg4 9. c3 e5 10. dxe5 Bxe5 11. Nf3 Bg7 12. Be3 Nd7 13. Qb3 b5 14. h3 Bxf3 15. exf3 Ne5 16. Bd4 Nc4 17. Bxg7 Kxg7 18. Qc2 Qf6 19. b3 Nb6 20. Qd3 Rfe8 21. Rfe1 Rad8 22. Qd4 Qxd4 23. cxd4 Kf8 24. Re3 Re6 25. Rxe6 fxe6 26. Rc1 Rc8 27. Bf1 Ke7 28. a4 bxa4 29. bxa4 Kd6 30. Rc5 Rc7 31. a5 Nd7 32. Rc1 e5 33. dxe5+ Nxe5 34. Kg2 c5 35. f4 Nc6 36. Bd3 c4 37. Bb1 Nxa5 38. f5 Nb3 39. Re1 gxf5 40. Bxf5 Nd4 0-1

[Event "Landesliga Sued 1617"]
[Site "Bayern"]
[Date "2017.02.05"]
[Round "5.3"]
[White "Safyanovsky, Mark"]
[Black "Trapp, Maximilian"]
[Result "1/2-1/2"]
[WhiteElo "2156"]
[BlackElo "2155"]
[PlyCount "22"]
[EventDate "2016.10.16"]
[EventType "team-tourn"]
[EventRounds "9"]
[EventCountry "GER"]
[SourceTitle "EXT 2019"]
[Source "ChessBase"]
[SourceDate "2018.10.10"]
[SourceVersion "1"]
[SourceVersionDate "2018.10.10"]
[SourceQuality "1"]
[WhiteTeam "Haunstetten"]
[BlackTeam "Freising"]
[WhiteTeamCountry "GER"]
[BlackTeamCountry "GER"]

1. d4 d5 2. c4 c6 3. e3 Nf6 4. Nf3 Bf5 5. Nc3 e6 6. Bd3 g6 7. 0-0 Bg7 8. Be2 Bg4 9. h3 Bxf3 10. Bxf3 0-0 11. Qe2 Nbd7 1/2-1/2

[Event "Landesliga Sued 1617"]
[Site "Bayern"]
[Date "2016.11.20"]
[Round "2.3"]
[White "Trapp, Maximilian"]
[Black "Kempter, Ronald"]
[Result "1-0"]
[WhiteElo "2155"]
[BlackElo "2166"]
[PlyCount "77"]
[EventDate "2016.10.16"]
[EventType "team-tourn"]
[EventRounds "9"]
[EventCountry "GER"]
[SourceTitle "EXT 2019"]
[Source "ChessBase"]
[SourceDate "2018.10.10"]
[SourceVersion "1"]
[SourceVersionDate "2018.10.10"]
[SourceQuality "1"]
[WhiteTeam "Freising"]
[BlackTeam "Groebenzell"]
[WhiteTeamCountry "GER"]
[BlackTeamCountry "GER"]

1. d4 Nf6 2. Nf3 c5 3. c3 e6 4. Bf4 b6 5. e3 Bb7 6. Be2 Be7 7. h3 d6 8. 0-0 0-0 9. Nbd2 a6 10. Nc4 Nd5 11. Bh2 b5 12. dxc5 bxc4 13. cxd6 Bxd6 14. Bxd6 Qxd6 15. e4 Qc5 16. exd5 Bxd5 17. Qd4 Qxd4 18. Nxd4 Rc8 19. Rfd1 Nd7 20. Nf5 Rc5 21. Ne7+ Kf8 22. Nxd5 exd5 23. Bf3 Nb6 24. Rd2 a5 25. Rad1 Rd8 26. Kh2 Ke7 27. Kg3 Kd6 28. Kf4 Re8 29. h4 h6 30. g4 Re5 31. g5 hxg5+ 32. hxg5 Rc7 33. Rh1 g6 34. Bg4 Rce7 35. Rh8 Kc7 36. Rf8 Kd6 37. f3 Kc7 38. Rh2 Nd7 39. Ra8 1-0

[Event "Landesliga Sued 1516"]
[Site "Bayern"]
[Date "2015.10.25"]
[Round "2.6"]
[White "Klenk, Robert"]
[Black "Trapp, Maximilian"]
[Result "0-1"]
[WhiteElo "1967"]
[BlackElo "2145"]
[PlyCount "74"]
[EventDate "2015.10.11"]
[EventType "team-tourn"]
[EventRounds "9"]
[EventCountry "GER"]
[SourceTitle "EXT 2018"]
[Source "ChessBase"]
[SourceDate "2017.10.13"]
[SourceVersion "1"]
[SourceVersionDate "2017.10.13"]
[SourceQuality "1"]
[WhiteTeam "Muenchen Tarrasch"]
[BlackTeam "Freising"]
[WhiteTeamCountry "GER"]
[BlackTeamCountry "GER"]

1. e4 d5 2. exd5 Qxd5 3. Nf3 c6 4. d4 Bg4 5. Be2 e6 6. 0-0 Nf6 7. c4 Qd8 8. Nc3 Be7 9. h3 Bh5 10. Be3 Nbd7 11. d5 exd5 12. cxd5 cxd5 13. Nxd5 0-0 14. Rc1 b6 15. Nf4 Bg6 16. Nxg6 hxg6 17. Qa4 Nc5 18. Bxc5 Bxc5 19. b4 Bd6 20. Ba6 Rb8 21. Rfd1 b5 22. Bxb5 Qb6 23. Nd4 Be5 24. Rc5 Ne4 25. Rc6 Qb7 26. Bd3 Nxf2 27. Kxf2 Bxd4+ 28. Kf1 Qe7 29. Re1 Qh4 30. Re2 Qf4+ 31. Ke1 Rxb4 32. Qxb4 Bf2+ 33. Rxf2 Qxb4+ 34. Kf1 Qd4 35. Rf3 Qa1+ 36. Kf2 Re8 37. g3 Qe1+ 0-1

[Event "Landesliga Sued 1314"]
[Site "Bayern"]
[Date "2013.10.13"]
[Round "1.6"]
[White "Trapp, Maximilian"]
[Black "De Francesco, Klaus"]
[Result "1/2-1/2"]
[WhiteElo "2052"]
[BlackElo "2230"]
[PlyCount "82"]
[EventDate "2013.10.13"]
[EventType "team-tourn"]
[EventRounds "9"]
[EventCountry "GER"]
[SourceTitle "EXT 2015"]
[Source "ChessBase"]
[SourceDate "2014.11.20"]
[SourceVersion "1"]
[SourceVersionDate "2014.11.20"]
[SourceQuality "1"]
[WhiteTeam "Freising"]
[BlackTeam "Weilheim"]
[WhiteTeamCountry "GER"]
[BlackTeamCountry "GER"]

1. d4 e6 2. Nf3 Nf6 3. Bf4 c5 4. c3 Nc6 5. Nbd2 cxd4 6. Nxd4 Nxd4 7. cxd4 Nd5 8. Bg3 Qb6 9. e4 Nf6 10. e5 Nd5 11. Nc4 Bb4+ 12. Ke2 Qa6 13. Qd3 b5 14. Nd6+ Bxd6 15. exd6 Qb6 16. f3 a5 17. Kf2 Ba6 18. Rc1 0-0 19. Qd2 Rac8 20. Be2 Nb4 21. a3 Nc6 22. Rhd1 e5 23. Kf1 Nxd4 24. Bf2 Rxc1 25. Rxc1 Qxd6 26. Bxd4 exd4 27. Rd1 b4 28. Qxd4 Bxe2+ 29. Kxe2 Qxh2 30. Kf2 bxa3 31. bxa3 Qc7 32. Qd6 Qb7 33. Rd5 h6 34. Rxa5 Re8 35. Rd5 Qb1 36. Rd1 Qb2+ 37. Rd2 Qc3 38. Re2 Rxe2+ 39. Kxe2 Qb2+ 40. Kf1 Qb5+ 41. Kg1 g6 1/2-1/2